000 01189nac a22003251i 4500
003 EG-ScBUE
005 20221218101317.0
008 221218s1995 nyua f b 000 0 eng d
020 _a0893819387
020 _a9780893819385
035 _a(OCoLC)33190588
040 _aEG-ScBUE
_beng
_erda
_cEG-ScBUE
_dEG-ScBUE
082 0 4 _a726.309
_bFOL
_222
100 1 _aFolberg, Neil,
_eauthor.
245 1 0 _aAnd I shall dwell among them :
_bhistoric synagogues of the world /
_cphotographs by Neil Folberg ; essay by Yom Tov Assis, an aperture book ; preface by Arthur Hertzberg.
246 3 0 _aHistoric synagogues of the world
250 _aFirst edition.
264 1 _aNew York :
_bAperture Foundation Books,
_c1995.
300 _a175 pages :
_billustrations (chiefly color) ;
_c32 cm
336 _2rdacontent
_atext
_btxt
337 _2rdamedia
_aunmediated
_bn
338 _2rdacarrier
_avolume
_bnc
504 _aIncludes bibliographical references.
650 7 _aSynagogues
_xPictorial works.
_2BUEsh
653 _bENGARC
655 _vReading book
700 1 _aAssis, Yom Tov,
_eauthor.
700 1 _aHertzberg, Arthur,
_eauthor of introduction, etc.
942 _cBB
_2ddc
999 _c3150
_d3150